01490 a2200169 450000100040000000500170000400800410002100300150006204000400007708001040011724501970022102000220041826400430044030000180048350507830050110000360128422820260407155415.0260407a2008 arg spa dAR-UNSa-BCEJYS aAR-UNSa-BCEJYSbspacAR-UNSa-BCEJYS a351.72xFinanzas públicas. Legislación (Contabilidad Pública, Administración financiera...)10aCuestiones de contabilidad gubernamental y sus incógnitaspaspectos teóricos para la recomendación técnica sector público Nº 1 FACPCE y guía comparativa de la RT 16 y la RTSP Nº1 a978-987-1140-92-3 1aBuenos Aires :bOsmar D. Buyattic2008 a294 p.c22 cm a1. El estado contemporáneo y la hacienda pública en el marco de la globalización - 2. La hacienda pública y el complejo económico administrativo - 3. La hacienda pública desde un enfoque de sistemas - 4. El sector público ¿nuevo habitante del estado o el estado habita en él? - 5. Las empresas públicas. Su rol protagónico en el estado de bienestar - 6. El presupuesto - 7. Los manipuleos presupuestarios y sus repercusiones - 8. Aproximación a los resultados presupuestarios - 9. Introducción al análisis del presupuesto de la administración general - 10. Una aproximación al análisis del estado de movimientos y situación del tesoro de la administración central del estado nacional - 11. Reflexiones sobre el sistema de crédito público1 aCortés de Trejo, Lea Cristina